Nadmerné používanie smartfónov môže narúšať proces učenia aj na vysokých školách
Na minha lista:
| Autor principal: | |
|---|---|
| Formato: | Capítulo de Livro |
| Idioma: | eslovaco |
| Assuntos: | |
| Tags: |
Sem tags, seja o primeiro a adicionar uma tag!
|
MARC
| LEADER | 00000naa$a2200000$$$4500 | ||
|---|---|---|---|
| 001 | 0306583 | ||
| 005 | 20251028105537.2 | ||
| 041 | 0 | |a slo | |
| 044 | |a SK | ||
| 245 | 1 | 0 | |a Nadmerné používanie smartfónov môže narúšať proces učenia aj na vysokých školách |c Drahomíra Lörincziová |
| 500 | |a Abstrakt | ||
| 610 | 2 | 0 | |a školy vysoké |
| 610 | 2 | 0 | |a vyučovanie |
| 610 | 2 | 0 | |a telefón mobilný |
| 610 | 2 | 0 | |a študenti |
| 610 | 2 | 0 | |a socializácia |
| 100 | 1 | |a Lörincziová, Drahomíra, 1971- | |